Statistiques concernant Les 10 services de renseignement les plus puissants

Cliquez ici pour prendre le quiz!

Statistiques générales

  • Ce quiz a été pris 45 fois
  • Le résultat moyen est 4 sur 10

Statistiques - réponses

Réponse% Correct
CIA (USA)
92%
Mossad (Israël)
71%
DGSE (France)
68%
FSB (Russie)
58%
MI6 (Royaume-Uni)
42%
BND (Allemagne)
5%
Guoanbu (Chine)
5%
R&AW ou RAW (Inde)
3%
Vatican
3%
Vevak (Iran)
3%

Distribution des résultats

Percentile par nombre de réponses

% des personnes avec chaque résultat

Votre développement - résultats

Vous n’avez pas pris ce quiz